000 00526nam a2200193Ia 4500
005 20250616102857.0
008 008 250516s9999 xx 000 0 eng d
020 _a9788131612507
040 _beng
_cSDCL
041 _aeng
_2eng
084 _aY:47.2'P R2
245 0 _aUnderstanding social movements
260 _aNew Delhi :
_bRawat Publications,
_c2022.
300 _ax, 359p.
650 _aPolitical Science
700 _aMakwana, M.H. Ed.
_9812896
700 _aPais, Richard Ed.
_9437715
942 _cTEXL
_2CC
999 _c1430349
_d1430349